000 00432nam a22001577a 4500
005 20251108164053.0
008 250721s1993 xx 000 0 ara d
082 1 4 _a530/منص
100 1 _aمنصور، عاطف
245 1 0 _aمكتبة الأسرة في الفيزياء /
264 1 _aالقاهرة :
_bمكتبة ابن سينا،
_c1993.
300 _aج
650 1 7 _aالفيزياء
942 _2ddc
_cBK
999 _c2853
_d2853